Restauración del Palacio Provincial
Publicado:
San Jorge, núm. 94 (2n, 3r i 4t trimestre 1974), pàg 5 - 14 :
MARC
| LEADER | 00000nam a2200000Ia 4500 | ||
|---|---|---|---|
| 001 | |||
| 008 | 160829s9999 xx 000 0 cat d | ||
| 245 | |a Restauración del Palacio Provincial | ||
| 260 | |a San Jorge, núm. 94 (2n, 3r i 4t trimestre 1974), pàg 5 - 14 | ||
| 590 | |a Conté 18 fotografies | ||
| 610 | 2 | 0 | |a Palau de la Generalitat de Catalunya |x Conservació i restauració |9 54546 |
| 650 | 0 | |a Arquitectura gòtica |z Barcelona (Catalunya) |9 37346 | |
| 650 | 0 | |a Arquitectura catalana |z Barcelona (Catalunya) |9 29886 | |
| 650 | 0 | |a Palaus |z Catalunya |9 29887 | |
| 650 | |a Barcelona. Diputació |x Conservació i restauració |9 36780 | ||
| 901 | |a Arxiu | ||
| 942 | |n 1 | ||
| 952 | |0 0 |1 0 |4 0 |7 1 |9 50484 |a Arxiu |b Arxiu |d 2016-12-01 |l 0 |r 2016-12-01 00:00:00 |w 2016-12-01 |y ARXIU | ||
| 999 | |c 54326 |d 54326 | ||